000 01111nam0a2200325 4500
001 RU\NLR\BIBL_A\022285479
005 20250625184558.0
010 _98000
035 _a(NLR Aleph) 022285479
090 _a13323623
_c13323623
100 _a20240727d1964 |||y0rusy50 ca
101 0 _alav
102 _aLV
105 _aa z 000 y
181 0 _ai
_baxxe
182 0 _an
200 1 _aGadu gaismā
_e[dzejas izlase]
_fHerberts Dorbe
_g[B. Saulīša priekšvārds ; ilustrējis H. Purviņš]
203 _aТекст
_bвизуальный
_cнепосредственный
210 _aRīga
_cLatvijas valsts izdevniecība
_d1964
215 _a165, [1] с.
_d15
541 1 _6z01790
_aПод светом лет
_eизбранные стихи
_zrus
686 1 _aШ5(2=Лат)-335
700 1 _aDorbe
_bH.
_f1894-1983
_gHerberts
_4070
702 1 _aSaulītis
_bB.
_f1922-1970
_gBruno
_4080
702 1 _aPurviņš
_bH.
_f1920-2006
_gHarijs
_4440
790 1 _6z01541
_aДорбе
_bГ.
_f1894-1983
_gГербертс
_4070
852 _aNLR
_bОНЛ
_jЛатыш./1-1337
942 _cBOOK
980 _aNB